[Event "91st GER-ch 2020"]
[Site "Magdeburg"]
[Date "2020.08.18"]
[Round "3.8"]
[White "Siebrecht, Sebastian"]
[Black "Braun, Georg"]
[Result "1-0"]
[WhiteElo "2417"]
[BlackElo "2360"]
[Annotator "ChessBase"]
[PlyCount "151"]
[EventDate "2020.08.16"]
[EventType "swiss"]
[EventCountry "GER"]
[SourceTitle "playchess.com"]
[Source "ChessBase"]
[SourceQuality "1"]
[TimeControl "40/5400+30:1800+30"]

1. d4 {[%emt 0:00:00]} Nf6 {[%emt 0:00:00]} 2. Nf3 {[%emt 0:00:00]} e6 {[%emt 0:00:25]} 3. c4 {[%emt 0:04:05]} d5 {[%emt 0:00:25]} 4. Nc3 {[%emt 0:00:10]} Bb4 {[%emt 0:00:14]} 5. cxd5 {[%emt 0:07:21]} exd5 {[%emt 0:00:26]} 6. Bg5 {[%emt 0:03:22]} h6 {[%emt 0:01:03]} 7. Bxf6 {[%emt 0:03:11]} Qxf6 {[%emt 0:00:23]} 8. Qa4+ {[%emt 0:00:30]} Nc6 {[%emt 0:00:26]} 9. Ne5 {[%emt 0:00:20]} O-O {[%emt 0:09:42]} 10. Nxc6 {[%emt 0:00:07]} Bxc3+ {[%emt 0:00:18]} 11. bxc3 {[%emt 0:00:02]} Qxc6 {[%emt 0:04:49]} 12. Qb3 {[%emt 0:04:11]} Bf5 {[%emt 0:02:38]} 13. e3 {[%emt 0:00:46]} Be4 {[%emt 0:04:26]} 14. f3 {[%emt 0:02:26]} Bg6 {[%emt 0:07:47]} 15. c4 {[%emt 0:00:17]} dxc4 {[%emt 0:04:09]} 16. Bxc4 {[%emt 0:00:20]} Qd6 {[%emt 0:09:14]} 17. O-O {[%emt 0:01:03]} b6 {[%emt 0:03:07]} 18. Rad1 {[%emt 0:02:10]} Kh8 {[%emt 0:02:53]} 19. e4 {[%emt 0:03:23]} f6 {[%emt 0:04:45]} 20. Qe3 {[%emt 0:06:06]} Rfe8 {[%emt 0:03:17]} 21. Rfe1 {[%emt 0:01:06]} Rad8 {[%emt 0:01:32]} 22. Bb3 {[%emt 0:07:58]} Qb4 {[%emt 0:04:41]} 23. g4 {[%emt 0:06:01]} c5 {[%emt 0:06:28]} 24. dxc5 {[%emt 0:03:45]} bxc5 {[%emt 0:00:31]} 25. Rxd8 {[%emt 0:00:33]} Rxd8 {[%emt 0:00:11]} 26. Rc1 {[%emt 0:01:29]} Rc8 {[%emt 0:01:58]} 27. Be6 {[%emt 0:02:07]} Re8 {[%emt 0:00:59]} 28. Bd5 {[%emt 0:04:15]} Rc8 {[%emt 0:02:19]} 29. h4 {[%emt 0:01:10]} Bh7 {[%emt 0:02:16]} 30. g5 {[%emt 0:07:17]} hxg5 {[%emt 0:03:10]} 31. hxg5 {[%emt 0:00:12]} fxg5 {[%emt 0:00:53]} 32. Qxg5 {[%emt 0:00:23]} Qb2 {[%emt 0:02:46]} 33. Qe3 {[%emt 0:03:10]} Bg8 {[%emt 0:04:23]} 34. Bxg8 {[%emt 0:10:33]} Kxg8 {[%emt 0:00:18]} 35. Qb3+ {[%emt 0:00:05]} Qxb3 {[%emt 0:00:07]} 36. axb3 {[%emt 0:00:02]} Rb8 {[%emt 0:02:15]} 37. Rxc5 {[%emt 0:01:38]} Rxb3 {[%emt 0:00:14]} 38. Rc8+ {[%emt 0:00:05]} Kh7 {[%emt 0:01:11]} 39. Kf2 {[%emt 0:00:13]} a5 {[%emt 0:02:50]} 40. Ra8 {[%emt 0:00:18]} Rb5 {[%emt 0:00:38]} 41. f4 {[%emt 0:38:59]} Kg6 {[%emt 0:38:20]} 42. Kf3 {[%emt 0:03:17]} Rb1 {[%emt 0:00:00]} 43. Rxa5 {[%emt 0:00:00]} Re1 {[%emt 0:00:00]} 44. Ra3 {[%emt 0:00:00]} Kf6 {[%emt 0:00:00]} 45. Ra6+ {[%emt 0:00:00]} Kf7 {[%emt 0:00:00]} 46. f5 {[%emt 0:00:00]} Ke7 {[%emt 0:00:00]} 47. Kf4 {[%emt 0:00:00]} Kf7 {[%emt 0:00:00]} 48. Ra7+ {[%emt 0:00:00]} Kf8 {[%emt 0:00:00]} 49. Rd7 {[%emt 0:00:00]} Ra1 {[%emt 0:00:00]} 50. Ke5 {[%emt 0:00:00]} Ra6 {[%emt 0:00:00]} 51. Rd6 {[%emt 0:00:00]} Ra4 {[%emt 0:00:00]} 52. Rb6 {[%emt 0:00:00]} Ke7 {[%emt 0:00:00]} 53. Rb7+ {[%emt 0:00:00]} Kf8 {[%emt 0:00:00]} 54. Rd7 {[%emt 0:00:00]} Ra6 {[%emt 0:00:00]} 55. Rc7 {[%emt 0:00:00]} Rb6 {[%emt 0:00:00]} 56. Ra7 {[%emt 0:00:00]} Rb5+ {[%emt 0:00:00]} 57. Ke6 {[%emt 0:00:00]} Rb6+ {[%emt 0:00:00]} 58. Kd7 {[%emt 0:00:00]} Rb5 {[%emt 0:05:10]} 59. Kd6 {[%emt 0:00:00]} Rb6+ {[%emt 0:00:20]} 60. Kc5 {[%emt 0:00:00]} Rf6 {[%emt 0:00:50]} 61. Kd5 {[%emt 0:00:00]} Rb6 {[%emt 0:00:20]} 62. e5 {[%emt 0:00:00]} Rb1 {[%emt 0:01:06]} 63. Kd6 {[%emt 0:00:42]} Rb6+ {[%emt 0:00:19]} 64. Kd7 {[%emt 0:00:13]} Rb8 {[%emt 0:01:38]} 65. Rc7 {[%emt 0:00:48]} Kf7 {[%emt 0:00:26]} 66. Kd6+ {[%emt 0:00:30]} Kf8 {[%emt 0:00:21]} 67. e6 {[%emt 0:00:22]} Rb6+ {[%emt 0:01:22]} 68. Kd7 {[%emt 0:01:21]} Rb8 {[%emt 0:00:05]} 69. Kc6 {[%emt 0:00:15]} Rb1 {[%emt 0:00:34]} 70. Rf7+ {[%emt 0:00:19]} Kg8 {[%emt 0:00:06]} 71. Rb7 {[%emt 0:06:48]} Rc1+ {[%emt 0:00:37]} 72. Kd7 {[%emt 0:00:08]} Rd1+ {[%emt 0:00:06]} 73. Ke7 {[%emt 0:00:08]} Rd5 {[%emt 0:00:47]} 74. Rb8+ {[%emt 0:00:20]} Kh7 {[%emt 0:00:05]} 75. f6 {[%emt 0:00:19]} gxf6 {[%emt 0:00:16]} 76. Kxf6 {[%emt 0:00:25]} 1-0

[Event "91st GER-ch 2020"]
[Site "Magdeburg"]
[Date "2020.08.18"]
[Round "3.9"]
[White "Schulz, Lukas"]
[Black "Dubiel, Jacek"]
[Result "0-1"]
[WhiteElo "2293"]
[BlackElo "2414"]
[Annotator "TA"]
[PlyCount "52"]
[EventDate "2020.08.16"]
[EventType "swiss"]
[EventCountry "GER"]
[SourceTitle "playchess.com"]
[Source "ChessBase"]
[SourceQuality "1"]

{[%evp 9,52,-30,-35,-90,-100,-100,-106,-125,-145,-160,-120,-186,-176,-222,-225,-252,-226,-284,-282,-278,-270,-298,-300,-309,-306,-302,-235,-386,-380,-433,-420,-400,-376,-448,-367,-452,-360,-438,-416,-677,-630,-748,-747,-964,-961]} 1. e4 e5 2. f4 exf4 3. Nf3 d6 4. d4 g5 5. g3 Bg7 6. gxf4 {[#] C34: King's Gambit Accepted: 3 Nf3: 3...Nf6 and 3...d6.} (6. Nc3 $1 $15) 6... g4 $1 $17 {[%cal Rg4f3]} 7. Rg1 {[#]} Bf6 $146 ({Predecessor:} 7... Kf8 8. Be3 gxf3 9. Qxf3 c5 10. Nc3 cxd4 11. Rxg7 Nc6 12. Rg3 dxc3 13. O-O-O cxb2+ {0-1 (26) Edlund,R (2206)-Drugge,P (2217) Gothenburg 2005}) 8. Be3 {Black is better.} gxf3 9. Qxf3 Nc6 10. c3 {[#]} (10. Nc3 $17 {was worth a try.}) 10... d5 $1 $19 11. e5 (11. exd5 Nce7) 11... Bh4+ 12. Ke2 Bf5 13. Nd2 h5 14. Bh3 Nge7 15. Bf2 Bxf2 16. Kxf2 Qd7 17. Bxf5 Qxf5 18. b4 $2 (18. Nf1 {might work better.}) 18... O-O-O 19. Rg5 Qc2 20. Ke2 Rdg8 21. Rag1 Rg6 22. h4 Kb8 23. R1g2 a6 24. Kf1 (24. Qd3 $142 Rxg5 25. Rxg5 Qxa2 26. f5) 24... Rxg5 {Black is clearly winning.} 25. hxg5 Nf5 26. Kg1 Nh4 {[%mdl 64] Double Attack. White got outplayed after the opening. Accuracy: White = 22%, Black = 85%.} 0-1

[Event "91st GER-ch 2020"]
[Site "Magdeburg"]
[Date "2020.08.18"]
[Round "3.10"]
[White "Weber, Max"]
[Black "Miller, Eduard"]
[Result "1/2-1/2"]
[WhiteElo "2243"]
[BlackElo "2392"]
[Annotator "TA"]
[PlyCount "91"]
[EventDate "2020.08.16"]
[EventType "swiss"]
[EventCountry "GER"]
[SourceTitle "playchess.com"]
[Source "ChessBase"]
[SourceQuality "1"]

{[%evp 9,91,32,35,42,42,39,39,42,42,41,49,48,86,55,57,49,62,56,43,58,56,62,36,41,103,100,105,106,106,106,102,105,107,102,108,58,62,64,61,36,38,37,77,7,11,6,14,12,16,16,50,50,44,12,12,17,12,0,0,0,0,0,0,0,0,0,0,0,0,0,0,0,0,0,0,0,0,0,0,0,0,0,0,-12850]} 1. Nf3 f5 2. c4 Nf6 3. g3 e6 4. Bg2 d5 5. O-O Be7 6. cxd5 {A10: English Opening: Unusual Replies for Black.} exd5 7. Nc3 O-O 8. e3 {White is slightly better.} a5 9. b3 Nc6 10. Bb2 {[#]} d4 $146 ({Predecessor:} 10... b6 11. Qb1 Ba6 12. Qxf5 Bxf1 13. Rxf1 Qc8 14. Qxc8 Raxc8 15. Ng5 Nb4 16. Bh3 Nd3 {1-0 (66) Beim,V (2480)-Ostermeyer,P (2405) Cologne 1991}) 11. Ne2 {[%cal Re2d4]} (11. Nb5 {is interesting.} dxe3 12. dxe3 Nb4 13. Qc1 c6 14. Rd1) 11... dxe3 12. dxe3 Qxd1 13. Rfxd1 a4 14. bxa4 Rxa4 15. Nf4 Bd6 16. Ng5 {Threatens to win with Bxf6.} h6 (16... Ne4 $14 17. Nfe6 Bxe6 18. Nxe6 Rf7) 17. Bxf6 $16 Rxf6 18. Bd5+ Kh8 19. Nf7+ Kh7 20. Bb3 Ra6 21. Nxd6 Rxd6 22. Rxd6 cxd6 23. Rd1 Na5 24. Bd5 g5 $1 {[%cal Rg5f4]} 25. Ne6 Kg6 26. f4 (26. Rb1 $16) 26... Bxe6 27. Bxe6 $11 {[%mdl 4096] Endgame KRB-KRN} Kf6 28. Bd5 Rb6 29. Rd2 Ke7 30. fxg5 hxg5 31. h4 gxh4 {The position is equal.} 32. gxh4 Rb4 33. Rh2 Kf6 34. h5 Rb1+ 35. Kf2 Rb2+ 36. Kg3 Rxh2 37. Kxh2 {KB-KN} Kg5 38. Kg3 b5 39. h6 Kxh6 40. Kf4 Kg6 41. Be6 Kf6 42. Bxf5 Nb7 43. Bd3 b4 44. Ke4 Nc5+ 45. Kd4 Nxd3 46. Ke4 $2 {[%mdl 40960] Accuracy: White = 79%, Black = 86%. . An unexpected result.} (46. Kxd3 $11 Ke5 47. Kc4) 1/2-1/2

[Event "91st GER-ch 2020"]
[Site "Magdeburg"]
[Date "2020.08.18"]
[Round "3.11"]
[White "Koellner, Ruben Gideon"]
[Black "Bastian, Herbert"]
[Result "0-1"]
[WhiteElo "2376"]
[BlackElo "2272"]
[Annotator "ChessBase"]
[PlyCount "186"]
[EventDate "2020.08.16"]
[EventType "swiss"]
[EventCountry "GER"]
[SourceTitle "playchess.com"]
[Source "ChessBase"]
[SourceQuality "1"]
[TimeControl "40/5400+30:1800+30"]

1. d4 {[%emt 0:00:00]} Nf6 {[%emt 0:00:24]} 2. Bg5 {[%emt 0:00:00]} Ne4 {[%emt 0:01:58]} 3. Bf4 {[%emt 0:00:00]} g6 {[%emt 0:00:26]} 4. e3 {[%emt 0:01:10]} Bg7 {[%emt 0:00:22]} 5. Bd3 {[%emt 0:00:24]} Nf6 {[%emt 0:00:58]} 6. Nc3 {[%emt 0:06:06]} d6 {[%emt 0:01:15]} 7. h3 {[%emt 0:02:42]} Nbd7 {[%emt 0:03:18]} 8. Nf3 {[%emt 0:01:20]} c6 {[%emt 0:05:39]} 9. e4 {[%emt 0:02:07]} Nh5 {[%emt 0:05:07]} 10. Bg5 {[%emt 0:05:52]} h6 {[%emt 0:03:52]} 11. Be3 {[%emt 0:00:07]} e5 {[%emt 0:00:41]} 12. dxe5 {[%emt 0:02:10]} dxe5 {[%emt 0:05:05]} 13. Qd2 {[%emt 0:01:39]} Qf6 {[%emt 0:03:27]} 14. O-O-O {[%emt 0:07:36]} Nf4 {[%emt 0:01:42]} 15. Bxf4 {[%emt 0:01:05]} Qxf4 {[%emt 0:01:51]} 16. Qxf4 {[%emt 0:00:09]} exf4 {[%emt 0:00:08]} 17. Ne2 {[%emt 0:00:10]} g5 {[%emt 0:03:42]} 18. h4 {[%emt 0:03:56]} f6 {[%emt 0:10:58]} 19. Ned4 {[%emt 0:14:18]} g4 {[%emt 0:10:42]} 20. Nd2 {[%emt 0:05:51]} Ne5 {[%emt 0:01:49]} 21. h5 {[%emt 0:06:07]} Bf8 {[%emt 0:00:53]} 22. N2b3 {[%emt 0:26:07]} Bd7 {[%emt 0:02:43]} 23. Ne2 {[%emt 0:03:42]} f3 {[%emt 0:05:48]} 24. gxf3 {[%emt 0:00:05]} Nxf3 {[%emt 0:06:29]} 25. Nf4 {[%emt 0:00:39]} Ne5 {[%emt 0:00:35]} 26. Ng6 {[%emt 0:05:41]} Rg8 {[%emt 0:00:32]} 27. Nxe5 {[%emt 0:02:53]} fxe5 {[%emt 0:00:07]} 28. Rdg1 {[%emt 0:00:14]} Be7 {[%emt 0:00:57]} 29. Na5 {[%emt 0:01:33]} b5 {[%emt 0:03:35]} 30. Rg2 {[%emt 0:00:13]} O-O-O {[%emt 0:00:55]} 31. Be2 {[%emt 0:00:48]} Rdf8 {[%emt 0:01:58]} 32. Nb3 {[%emt 0:00:25]} Rf4 {[%emt 0:01:19]} 33. Bd3 {[%emt 0:00:42]} Rgf8 {[%emt 0:01:06]} 34. Rhh2 {[%emt 0:00:19]} Kc7 {[%emt 0:01:00]} 35. Kd1 {[%emt 0:00:40]} Kb6 {[%emt 0:00:27]} 36. Nd2 {[%emt 0:00:34]} Be6 {[%emt 0:00:59]} 37. b3 {[%emt 0:00:25]} Bb4 {[%emt 0:04:46]} 38. Nf1 {[%emt 0:00:33]} Bc3 {[%emt 0:01:08]} 39. Ke2 {[%emt 0:00:27]} a5 {[%emt 0:01:59]} 40. Ng3 {[%emt 0:00:36]} c5 {[%emt 0:01:15]} 41. Kd1 {[%emt 0:03:03]} c4 {[%emt 0:12:53]} 42. bxc4 {[%emt 0:03:06]} bxc4 {[%emt 0:00:42]} 43. Ne2 {[%emt 0:03:23]} cxd3 {[%emt 0:01:08]} 44. Nxc3 {[%emt 0:00:17]} Rc8 {[%emt 0:00:50]} 45. Kd2 {[%emt 0:01:32]} dxc2 {[%emt 0:00:55]} 46. Rg3 {[%emt 0:00:27]} Rxe4 {[%emt 0:07:16]} 47. Kxc2 {[%emt 0:00:10]} Rb4 {[%emt 0:01:52]} 48. Kd2 {[%emt 0:04:27]} Bxa2 {[%emt 0:04:41]} 49. Nxa2 {[%emt 0:00:21]} Rb2+ {[%emt 0:00:03]} 50. Kd3 {[%emt 0:00:17]} Rxa2 {[%emt 0:00:03]} 51. Rxg4 {[%emt 0:00:36]} Rf8 {[%emt 0:01:26]} 52. Rg6+ {[%emt 0:04:07]} Kc5 {[%emt 0:00:07]} 53. Ke3 {[%emt 0:02:28]} Kd5 {[%emt 0:01:19]} 54. Rb6 {[%emt 0:05:37]} Rc8 {[%emt 0:01:26]} 55. Rb3 {[%emt 0:02:47]} a4 {[%emt 0:00:59]} 56. Rd3+ {[%emt 0:01:47]} Ke6 {[%emt 0:00:05]} 57. Rg2 {[%emt 0:00:50]} Rcc2 {[%emt 0:00:18]} 58. Kf3 {[%emt 0:02:38]} Rab2 {[%emt 0:01:58]} 59. Ke4 {[%emt 0:01:13]} Rc4+ {[%emt 0:03:15]} 60. Ke3 {[%emt 0:00:16]} Kf5 {[%emt 0:00:35]} 61. Rg8 {[%emt 0:01:06]} Re4+ {[%emt 0:01:26]} 62. Kf3 {[%emt 0:00:00]} Rf4+ {[%emt 0:00:08]} 63. Ke3 {[%emt 0:00:52]} Rbxf2 {[%emt 0:00:52]} 64. Rf8+ {[%emt 0:00:15]} Ke6 {[%emt 0:00:45]} 65. Re8+ {[%emt 0:00:28]} Kf6 {[%emt 0:00:18]} 66. Rd6+ {[%emt 0:00:20]} Kf5 {[%emt 0:01:05]} 67. Rf8+ {[%emt 0:00:08]} Kg5 {[%emt 0:00:11]} 68. Rg8+ {[%emt 0:00:32]} Kxh5 {[%emt 0:00:48]} 69. Rgg6 {[%emt 0:00:17]} R2f3+ {[%emt 0:00:28]} 70. Ke2 {[%emt 0:00:11]} a3 {[%emt 0:00:47]} 71. Ra6 {[%emt 0:01:19]} Rb3 {[%emt 0:01:14]} 72. Rxh6+ {[%emt 0:00:34]} Kg5 {[%emt 0:00:31]} 73. Rhg6+ {[%emt 0:00:17]} Kf5 {[%emt 0:00:04]} 74. Rgf6+ {[%emt 0:00:47]} Ke4 {[%emt 0:01:22]} 75. Ra4+ {[%emt 0:00:14]} Kd5 {[%emt 0:00:06]} 76. Ra5+ {[%emt 0:00:48]} Kd4 {[%emt 0:00:43]} 77. Rd6+ {[%emt 0:00:25]} Ke4 {[%emt 0:00:35]} 78. Re6 {[%emt 0:01:04]} Re3+ {[%emt 0:00:41]} 79. Kd2 {[%emt 0:00:21]} Rf2+ {[%emt 0:00:06]} 80. Kd1 {[%emt 0:00:05]} Kf5 {[%emt 0:00:41]} 81. Re8 {[%emt 0:00:45]} Rh2 {[%emt 0:01:14]} 82. Rf8+ {[%emt 0:00:07]} Ke6 {[%emt 0:00:17]} 83. Ra6+ {[%emt 0:00:35]} Kd5 {[%emt 0:00:25]} 84. Rfa8 {[%emt 0:00:49]} Rg3 {[%emt 0:00:23]} 85. Ra5+ {[%emt 0:00:25]} Ke6 {[%emt 0:00:18]} 86. R5a6+ {[%emt 0:00:08]} Kf5 {[%emt 0:00:20]} 87. Rf8+ {[%emt 0:00:30]} Ke4 {[%emt 0:00:09]} 88. Ra4+ {[%emt 0:00:36]} Kd5 {[%emt 0:00:16]} 89. Rd8+ {[%emt 0:00:37]} Ke6 {[%emt 0:00:19]} 90. Ra6+ {[%emt 0:00:21]} Ke7 {[%emt 0:00:14]} 91. Rd2 {[%emt 0:00:05]} Rg1+ {[%emt 0:00:22]} 92. Kc2 {[%emt 0:00:04]} Rxd2+ {[%emt 0:00:06]} 93. Kxd2 {[%emt 0:00:06]} a2 {[%emt 0:00:05]} 0-1

[Event "91st GER-ch 2020"]
[Site "Magdeburg"]
[Date "2020.08.18"]
[Round "3.12"]
[White "Neurohr, Juergen"]
[Black "Ehmann, Thilo"]
[Result "1-0"]
[WhiteElo "2022"]
[BlackElo "2329"]
[Annotator "TA"]
[PlyCount "91"]
[EventDate "2020.08.16"]
[EventType "swiss"]
[EventCountry "GER"]
[SourceTitle "playchess.com"]
[Source "ChessBase"]
[SourceQuality "1"]

{[%evp 25,91,18,54,35,39,4,56,4,22,20,29,-39,-36,-118,-107,-102,-95,-72,0,-6,49,43,29,0,0,0,608,191,206,190,233,11,12,18,374,386,346,293,161,85,53,0,0,0,826,0,963,-688,860,828,1936,1935,1934,1915,1656,1339,29988,29989,29989,29990,29991,29992,29992,29990,29992,29988,29992,29993]} 1. d4 Nf6 2. c4 g6 3. Nc3 Bg7 4. e4 O-O 5. f4 d6 6. Nf3 c5 7. d5 e6 8. Be2 exd5 9. cxd5 Bg4 10. O-O Nbd7 11. h3 Bxf3 12. Bxf3 a6 13. a4 {[%cal Ba2a4,Ba4a5][%mdl 32]} Rb8 14. a5 {A68: Modern Benoni: Four Pawns Attack without 9...Re8.} Ne8 15. g4 {[#]} h6 $146 (15... Nc7 $11) ({Predecessor:} 15... b5 16. axb6 Rxb6 17. Be2 Nc7 18. g5 Qb8 19. e5 dxe5 20. f5 gxf5 21. Rxf5 Ne8 22. Rxa6 Rxa6 23. Bxa6 Nd6 24. Rf1 c4 25. Bb5 Nxb5 {0-1 (25) Kayonde,A (2210)-Van der Nat,N (2337) Pretoria 2013}) 16. Qe1 (16. Be3 $14) 16... Bf6 17. Be3 b5 18. e5 ({Better is} 18. Qd2 $11) 18... dxe5 $15 19. Ne4 (19. fxe5 $15 Bxe5 20. Bxh6) 19... exf4 $17 20. Bxf4 Bxb2 21. Bxh6 Ng7 (21... Bd4+ $17 22. Kg2 Ng7) 22. Rd1 $11 Re8 (22... b4 $11) 23. Qf2 $14 {[%mdl 1088] Double Attack. White has compensation.} Be5 24. Bg5 f6 25. Qh4 Kf7 $2 {[%mdl 8192]} (25... c4 $11) 26. Bg2 $2 (26. d6) 26... Rh8 $18 27. Qf2 {aiming for d6.} Ne8 28. Bxf6 $2 ({Not} 28. Nxc5 Nxc5 29. Qxc5 Qd6 $14) (28. Rde1 $18) 28... Nexf6 $11 29. g5 {[%mdl 64] With the idea d6. Pin} Rc8 $2 {[%mdl 8192]} (29... Kg7 $1 $11) 30. gxf6 $18 Nxf6 31. Ng5+ ({Less strong is} 31. Nxc5 Rh5 $18) 31... Kg8 {[#]} 32. Ne6 (32. h4 $1 $18 {d6! is the strong threat.} Qxa5 33. d6) 32... Qd6 33. Kh1 (33. Rde1 $1 $14) 33... Rh5 34. Rde1 {Threatens to win with Rxe5!} Bc3 $2 {[%mdl 8192] [#]} (34... Nxd5 $2 35. Qf7+ Kh8 36. Qxg6 $18) (34... c4 $11) 35. Re3 $2 $40 {[%mdl 128] White attacks.} (35. Qc2 $1 $18 {[%mdl 512]} Rh7 36. Qxc3) 35... Ng4 $2 {[%mdl 8192]} (35... Rf5 $11 36. Qc2 Nxd5 37. Rxf5 Nxe3 38. Rf8+ Rxf8 39. Qxg6+ Kh8 40. Qh6+ Kg8 41. Qg6+ Kh8 42. Qh6+ Kg8 43. Qg6+) 36. Qf7+ ({Wrong is} 36. Qf4 $2 Qxf4 37. Nxf4 Nxe3 $19) 36... Kh8 {[%csl Gg4][%cal Rd6h2] [#]} 37. Nf4 $1 {[%mdl 576] Double Attack} Nxe3 38. Nxg6+ Qxg6 39. Qxg6 Rh7 40. Rf7 {[%csl Gg6][%cal Rf7h7]} Rh4 {[#]} 41. Qe6 $1 {[%cal Re6c8] White mates.} Rg8 42. Qxe3 {[%mdl 64] Double Attack} Bd4 43. Qe7 {[%cal Re7h4]} Rh6 44. Rf8 c4 45. Rxg8+ Kxg8 46. d6 {Accuracy: White = 55%, Black = 58%.} 1-0

[Event "91st GER-ch 2020"]
[Site "Magdeburg"]
[Date "2020.08.18"]
[Round "3.13"]
[White "Nguyen, Alex Dac-Vuong"]
[Black "Gustain, Marc"]
[Result "1/2-1/2"]
[WhiteElo "2366"]
[BlackElo "2173"]
[Annotator "TA"]
[PlyCount "63"]
[EventDate "2020.08.16"]
[EventType "swiss"]
[EventCountry "GER"]
[SourceTitle "playchess.com"]
[Source "ChessBase"]
[SourceQuality "1"]

{[%evp 10,63,18,14,10,0,4,0,0,0,0,0,0,-1,14,-38,-33,-33,-33,-33,-33,-33,-34,-49,-28,-39,-18,-17,-18,-16,-18,-20,-16,-16,-13,-15,-14,-29,-5,-34,0,0,0,0,0,0,0,0,0,0,0,0,0,0,0,-1]} 1. e4 d5 2. exd5 Qxd5 3. d4 Nc6 4. Nf3 Bg4 5. Be2 O-O-O 6. Be3 e5 {[%cal Re5d4] B01: Scandinavian Defence.} 7. dxe5 Qxd1+ 8. Bxd1 Nxe5 {Hoping for ...Rxd1+!} 9. Nbd2 Nxf3+ 10. Nxf3 {[#]} Ne7 $146 ({Predecessor:} 10... Nf6 11. Ne5 Be6 12. Be2 a6 13. O-O Nd5 14. Ba7 f6 15. Nd3 Bd6 16. c4 Ne7 {½-½ (37) Van Randtwijk,M (1936)-Thomas,I (2169) Goch 2016}) 11. h3 ({Much worse is} 11. Bxa7 b6 $17) 11... Bh5 12. c4 ({Of course not} 12. Bxa7 b6 $17) ({Better is} 12. O-O $11) 12... Nc6 13. O-O Be7 14. Nd4 Nxd4 15. Bxh5 Nc2 16. Rad1 Nxe3 17. fxe3 f6 18. Bg4+ Kb8 19. Rxd8+ Rxd8 20. Rd1 Rxd1+ 21. Bxd1 $11 {[%mdl 4096] Endgame KB-KB} c6 22. Kf2 Kc7 23. Kf3 Kd6 24. Ke4 g6 25. Kd4 {The position is equal.} c5+ 26. Kd3 Bf8 27. Bf3 b6 28. Bd1 Bh6 29. Bf3 Bf8 30. Bd1 Bh6 31. Bf3 Bf8 32. Ke4 {Accuracy: White = 90%, Black = 96%.} 1/2-1/2

[Event "91st GER-ch 2020"]
[Site "Magdeburg"]
[Date "2020.08.18"]
[Round "3.14"]
[White "Voege, Tobias"]
[Black "Stern, Rene"]
[Result "1/2-1/2"]
[WhiteElo "2326"]
[BlackElo "2526"]
[Annotator "TA"]
[PlyCount "80"]
[EventDate "2020.08.16"]
[EventType "swiss"]
[EventCountry "GER"]
[SourceTitle "playchess.com"]
[Source "ChessBase"]
[SourceQuality "1"]

{[%evp 27,80,0,0,0,0,0,9,0,0,0,0,0,0,-6,0,0,0,0,0,-5,0,-22,0,0,1,0,0,0,0,0,0,0,0,0,0,0,0,0,0,0,0,0,0,0,4,0,0,0,0,0,0,0,0,0,0]} 1. c4 e6 2. d4 d5 3. Nc3 Be7 4. Nf3 Nf6 5. Bg5 h6 6. Bh4 O-O 7. e3 b6 8. cxd5 Nxd5 9. Bxe7 Qxe7 10. Nxd5 exd5 11. Rc1 Be6 12. Qb3 c5 13. Qa3 Rc8 14. Be2 Qf8 {The position is equal.} 15. dxc5 {D59: Queen's Gambit Declined: Tartakower Defence: Main line (8 cxd5 Nxd5).} bxc5 16. O-O Nd7 17. Bb5 {[#]} a5 $146 {[%cal Ba7a5,Ba5a4,Ba4a3][%mdl 32]} ({Predecessor:} 17... Nf6 18. Be2 a5 19. Ne5 c4 20. Qc3 Qb4 21. h3 Rab8 22. Qxb4 axb4 23. b3 c3 {1-0 (58) Straub,N (2320)-Lutz,A (2205) Wuppertal 1998}) 18. Bxd7 Bxd7 19. Rfd1 Be6 20. Rc3 a4 21. Rdc1 {[%cal Rc3c5]} c4 22. Nd4 Qxa3 23. Rxa3 Bd7 24. Rac3 a3 25. b3 cxb3 26. Rxc8+ Bxc8 27. Nxb3 $11 {[%mdl 4096] Endgame KRB-KRN} Ba6 28. Nd2 Rb8 {[#] aiming for ...Rb2.} 29. Nb1 $1 Bc4 30. Nxa3 Bxa2 31. Ra1 Rb2 32. h3 Kf8 33. Nb5 Rxb5 34. Rxa2 {KR-KR} Rb1+ 35. Kh2 Ke7 36. Ra6 Rb4 37. Kg3 Rc4 38. Kf3 h5 39. Rb6 g6 40. Ra6 Rb4 {An uneventful encounter. Accuracy: White = 100%, Black = 100%.} 1/2-1/2

[Event "91st GER-ch 2020"]
[Site "Magdeburg"]
[Date "2020.08.18"]
[Round "3.15"]
[White "Tschernatsch, Johannes"]
[Black "Geue, Niklas"]
[Result "0-1"]
[WhiteElo "2241"]
[BlackElo "2050"]
[Annotator "TA"]
[PlyCount "78"]
[EventDate "2020.08.16"]
[EventType "swiss"]
[EventCountry "GER"]
[SourceTitle "playchess.com"]
[Source "ChessBase"]
[SourceQuality "1"]

{[%evp 21,78,0,0,0,0,-73,-75,-124,-120,-119,-114,-204,-210,-308,-307,-303,-311,-465,-475,-459,-451,-445,-406,-477,-329,-349,-311,-319,-305,-265,-251,-372,-231,-445,-379,-377,-280,-422,-384,-508,-516,-509,-494,-954,-935,-1265,-1239,-1690,-1555,-29988,-5306,-29990,-29991,-29993,-29994,-29995,-29994,-29994,-29995]} 1. e4 e6 2. d4 d5 3. Nd2 c5 4. exd5 Qxd5 5. Ngf3 cxd4 6. Bc4 Qd6 7. O-O Nf6 8. Nb3 Nc6 9. Nfxd4 Nxd4 10. Nxd4 a6 11. a4 Qc7 12. b3 {C07: French Tarrasch: 3...c5, 4 Ngf3 and 4 exd5 Qxd5.} Bd6 13. g3 (13. Nf3 $11) 13... e5 $17 {[#]} 14. Re1 $146 {Black is better.} ({Predecessor:} 14. Ne2 Bh3 15. Nc3 Qc6 16. Nd5 O-O-O 17. Ne3 Bc5 18. Qe2 h5 19. Bd2 h4 20. f3 hxg3 21. hxg3 Ng4 22. Rae1 Bxf1 23. Qxf1 Rxd2 {0-1 (23) Szymczak,P (1705)-Dadello,A (1802) Ustron 2011}) 14... O-O 15. Nf3 Bg4 16. Be2 (16. h3 $17 Bxh3 17. Bg5) 16... Rad8 $19 {Threatens to win with ...Bc5.} 17. Nd2 {[#]} (17. c3 $142) 17... Bf5 $1 {[%cal Rf5c2]} 18. Bd3 {[#]} e4 $1 {[%cal Re4d3][%mdl 512]} 19. Bc4 (19. Nxe4 $142 Bxe4 20. Bg5) 19... Bb4 20. c3 Bxc3 21. Ra2 Qa5 22. Qe2 {[#]} b5 $1 {[%mdl 512]} 23. b4 (23. axb5 Qxa2) 23... Qc7 ({Not} 23... Bxb4 24. axb5 Qc7 25. bxa6 $17) 24. axb5 axb5 ({Weaker is} 24... Bxb4 25. bxa6 Rd4 26. a7 $17) 25. Bxb5 Bxb4 26. Ba4 (26. Rf1 {was necessary.}) 26... h6 27. Bb3 $2 (27. Qb5 {keeps fighting.} Be6 28. Qxb4 Bxa2 29. Nxe4) 27... Qb7 28. Bc4 Bc3 29. Ba3 (29. Ra3 {might work better.} Bb4 30. Rb3) 29... Rfe8 30. Bc5 Bg4 31. Qe3 Rd3 32. Bxd3 (32. Rb1 $142 Qc8 33. Bxd3 exd3 34. Qxd3 Qxc5 35. Rc1) 32... exd3 33. Qxe8+ Nxe8 34. Rxe8+ Kh7 {aiming for ...Bh3.} 35. Re3 Qd5 (35... Bh3 $142 36. f3 Bxd2 37. Kf2 Qb1 38. g4 Qxa2 39. Kg3 Bxe3 40. Bxe3 Qe2 41. g5 Qxe3 42. Kxh3 Qxf3+ 43. Kh4 hxg5+ 44. Kxg5 f6+ 45. Kh4 g5#) 36. Ra4 Bh3 {[%csl Gh3][%cal Rd5g2] Black mates.} 37. Ree4 Bxd2 38. Ba3 f5 39. Rad4 Qb7 {Black took control after the opening. Accuracy: White = 19%, Black = 69%.} 0-1